Numismatic digest/ (Record no. 2886)
[ view plain ]
| 000 -LEADER | |
|---|---|
| fixed length control field | 00742 a2200229 4500 |
| 005 - DATE AND TIME OF LATEST TRANSACTION | |
| control field | 20241212114336.0 |
| 010 ## - LCCN (DPL NO) | |
| LC control number | ENG-85549 ENG-143040 |
| 020 ## - INTERNATIONAL STANDARD BOOK NUMBER | |
| Terms of availability | 350.00 |
| International Standard Book Number | 8186786244 |
| 020 ## - INTERNATIONAL STANDARD BOOK NUMBER | |
| Terms of availability | 500.00 |
| International Standard Book Number | 9788186786321 |
| 035 ## - SYSTEM CONTROL NUMBER | |
| System control number | EN-69082 |
| 035 ## - SYSTEM CONTROL NUMBER | |
| System control number | EN-126572 |
| 037 ## - SOURCE OF ACQUISITION | |
| Source of stock number/acquisition | DBAD |
| 082 14 - DEWEY DECIMAL CLASSIFICATION NUMBER | |
| Classification number | 736.4 |
| 245 1# - TITLE STATEMENT | |
| Title | Numismatic digest/ |
| Statement of responsibility, etc | Edited by Amiteshwar Jha [and] Sanjay Garg |
| 260 ## - PUBLICATION, DISTRIBUTION, ETC. (IMPRINT) | |
| Place of publication, distribution, etc | Nasik |
| Name of publisher, distributor, etc | IIRNS Publications |
| Date of publication, distribution, etc | 2006 |
| 270 ## - ADDRESS | |
| Address | P.O. Anjaneri Dist. |
| City | Nasik (Mahrastra) |
| Postal code | 422 213 |
| 300 ## - PHYSICAL DESCRIPTION | |
| Extent | V. 29-30 (2005-06); 195 p. |
| Dimensions | 22cm(Pbk.) |
| 300 ## - PHYSICAL DESCRIPTION | |
| Extent | V. 34-35 (2010-2011); 204 p. |
| Dimensions | 22cm(Pbk.) |
| 700 1# - ADDED ENTRY--PERSONAL NAME | |
| Personal name | Jha, Amiteshwar |
| Relator term | Author |
| 9 (RLIN) | 75040 |
| 700 1# - ADDED ENTRY--PERSONAL NAME | |
| Personal name | Garg, Sanjay |
| Relator term | Author |
| 9 (RLIN) | 75041 |
| 942 ## - ADDED ENTRY ELEMENTS (KOHA) | |
| Institution code [OBSOLETE] | dpl |
| Item type | English Books |
| Source of classification or shelving scheme | Dewey Decimal Classification |
| Classification part | 736.4 |
| Call number suffix | NUM |
| Withdrawn status | Lost status | Not for loan | Collection code | Home library | Current library | Source of acquisition | Cost, normal purchase price | Full call number | Barcode | Copy number | Cost, replacement price | Koha item type | Date acquired |
|---|---|---|---|---|---|---|---|---|---|---|---|---|---|
| Not For Loan | Non-fiction | D.B.Act.Division | D.B.Act.Division | DBAD/PUB | 350.00 | 736.4 NUM | EN-69082 | 1 | 350.00 | English Books | |||
| Not For Loan | Non-fiction | D.B.Act.Division | D.B.Act.Division | Delivery of Books Division | 500.00 | 736.4 NUM | EN-126572 | 1 | 500.00 | English Books | 12/12/2024 |
